MARC details
| 000 -LEADER |
| fixed length control field |
01572cam a2200397 a 4500 |
| 001 - CONTROL NUMBER |
| control field |
3479260 |
| 003 - CONTROL NUMBER IDENTIFIER |
| control field |
BDDh-ASL |
| 005 - DATE AND TIME OF LATEST TRANSACTION |
| control field |
20231015025719.0 |
| 008 - FIXED-LENGTH DATA ELEMENTS--GENERAL INFORMATION |
| fixed length control field |
930908s1993 enkb b 001 0 eng d |
| 010 ## - LIBRARY OF CONGRESS CONTROL NUMBER |
| LC control number |
93201846 |
| 020 ## - INTERNATIONAL STANDARD BOOK NUMBER |
| International Standard Book Number |
0700702105 : |
| Terms of availability |
£13.50 ($25.00) |
| 035 ## - SYSTEM CONTROL NUMBER |
| System control number |
(OCoLC)27787091 |
| 040 ## - CATALOGING SOURCE |
| Original cataloging agency |
WU |
| Transcribing agency |
WU |
| Modifying agency |
BDDh-ASL |
| -- |
DLC |
| 042 ## - AUTHENTICATION CODE |
| Authentication code |
lccopycat |
| 043 ## - GEOGRAPHIC AREA CODE |
| Geographic area code |
a-ii--- |
| 050 00 - LIBRARY OF CONGRESS CALL NUMBER |
| Classification number |
BP172 |
| Item number |
.P68 1993 |
| 082 00 - DEWEY DECIMAL CLASSIFICATION NUMBER |
| Classification number |
954 |
| Edition number |
20 |
| Item number |
POM |
| 100 1# - MAIN ENTRY--PERSONAL NAME |
| Personal name |
Powell, Avril A. |
| Fuller form of name |
(Avril Ann) |
| 245 10 - TITLE STATEMENT |
| Title |
Muslims and missionaries in pre-mutiny India / |
| Statement of responsibility, etc. |
by Avril A. Powell. |
| 260 ## - PUBLICATION, DISTRIBUTION, ETC. |
| Place of publication, distribution, etc. |
Richmond, Surrey : |
| Name of publisher, distributor, etc. |
Curzon Press, |
| Date of publication, distribution, etc. |
c1993. |
| 300 ## - PHYSICAL DESCRIPTION |
| Extent |
ix, 339 p. : |
| Other physical details |
map ; |
| Dimensions |
22 cm. |
| 440 #0 - SERIES STATEMENT/ADDED ENTRY--TITLE |
| Title |
London studies on South Asia ; |
| Volume/sequential designation |
no. 7 |
| 500 ## - GENERAL NOTE |
| General note |
Spine title: Muslims & missionaries in pre-mutiny India. |
| 504 ## - BIBLIOGRAPHY, ETC. NOTE |
| Bibliography, etc. note |
Includes bibliographical references (p. 302-318) and index. |
| 650 #0 - SUBJECT ADDED ENTRY--TOPICAL TERM |
| Topical term or geographic name entry element |
Islam |
| General subdivision |
Relations |
| -- |
Christianity. |
| 650 #0 - SUBJECT ADDED ENTRY--TOPICAL TERM |
| Topical term or geographic name entry element |
Christianity and other religions |
| General subdivision |
Islam. |
| 650 #0 - SUBJECT ADDED ENTRY--TOPICAL TERM |
| Topical term or geographic name entry element |
Missionaries |
| Geographic subdivision |
India |
| General subdivision |
History. |
| 650 #0 - SUBJECT ADDED ENTRY--TOPICAL TERM |
| Topical term or geographic name entry element |
Islam |
| Geographic subdivision |
India |
| General subdivision |
History |
| Chronological subdivision |
19th century. |
| 651 #0 - SUBJECT ADDED ENTRY--GEOGRAPHIC NAME |
| Geographic name |
India |
| General subdivision |
Church history |
| Chronological subdivision |
19th century. |
| 653 0# - INDEX TERM--UNCONTROLLED |
| Uncontrolled term |
Christianity |
| -- |
Related to |
| -- |
Islam |
| -- |
History |
| 740 0# - ADDED ENTRY--UNCONTROLLED RELATED/ANALYTICAL TITLE |
| Uncontrolled related/analytical title |
Muslims & missionaries in pre-mutiny India. |
| 856 42 - ELECTRONIC LOCATION AND ACCESS |
| Materials specified |
Publisher description |
| Uniform Resource Identifier |
<a href="http://www.loc.gov/catdir/enhancements/fy0916/93201846-d.html">http://www.loc.gov/catdir/enhancements/fy0916/93201846-d.html</a> |
| 906 ## - LOCAL DATA ELEMENT F, LDF (RLIN) |
| a |
7 |
| b |
cbc |
| c |
copycat |
| d |
3 |
| e |
ncip |
| f |
19 |
| g |
y-gencatlg |
| 942 ## - ADDED ENTRY ELEMENTS (KOHA) |
| Source of classification or shelving scheme |
Dewey Decimal Classification |
| Koha item type |
Books |